| LEADER |
01062nam0a2200205 450 |
| 001 |
16867798 |
| 010 |
|
|
|a 978-2-263-18961-6
|b Br.
|d 24,95
|
| 100 |
|
|
|a 20260306d2026 u u0frey01 ba
|
| 101 |
0 |
|
|a fre
|
| 102 |
|
|
|a FR
|
| 200 |
0 |
|
|a année en cuisine (Une)
|e 365 recettes pour vous simplifier la cuisine au quotidien
|f Laurent Mariotte
|
| 207 |
|
1 |
|a
|
| 210 |
|
|
|a Paris
|b 8 rue Garancière.
|c Solar
|
| 215 |
|
|
|a 1 vol. (450 p.)
|c Couv ill
|d 19x25 cm
|
| 330 |
|
|
|a Dans cet ouvrage, il partage une recette par jour : celles qu'il aime préparer pour toutes les occasions en suivant les saisons ; des idées antigaspi vraiment économiques en réutilisant les préparations de la veille ; les produits et les régions qui influencent ses envies et sa créativité avec chaque mois une semaine de découverte dans le Périgord, dans les Hauts-de-France, en Provence...
|
| 676 |
|
|
|a 641.5
|
| 700 |
|
0 |
|a Mariotte
|b Laurent
|4 70
|
| 900 |
|
|
|a Documentaire
|
| 901 |
|
|
|a Adultes
|
| 995 |
|
|
|a Médiathèque
|c Médiathèque
|f 089021769
|h 089021769
|k 641.5 MAR
|o p
|q a
|r az
|e Médiathèque
|